Municipalities of Hyogo - Click Map - Statistics

General Stats
  • This quiz has been taken 32 times
  • The average score is 22 of 41
Answers on the Map
Answers color-coded by a green-red scale on the quiz's map according to % correct below.
 
Answer Stats
Answer % Correct
Himeji 姫路市 ひめじし
89%
Minamiawaji 南あわじ市 みなみあわじし
89%
Kato 加東市 かとうし
78%
Kobe 神戸市 こうべし
78%
Nishinomiya 西宮市 にしのみやし
78%
Akashi 明石市 あかしし
67%
Amagasaki 尼崎市 あまがさきし
67%
Kakogawa 加古川市 かこがわし
67%
Kawanishi 川西市 かわにしし
67%
Sanda 三田市 さんだし
67%
Shinonsen 新温泉町 しんおんせんちょう
67%
Sumoto 洲本市 すもとし
67%
Tanba 丹波市 たんばし
67%
Toyooka 豊岡市 とよおかし
67%
Aioi 相生市 あいおいし
56%
Asago 朝来市 あさごし
56%
Ashiya 芦屋市 あしやし
56%
Awaji 淡路市 あわじし
56%
Itami 伊丹市 いたみし
56%
Kasai 河西市 かさいし
56%
Miki 三木市 みきし
56%
Shiso 宍粟市 しそうし
56%
Takarazuka 宝塚市 たからづかし
56%
Yabu 養父市 やぶし
56%
Ako 赤穂市 あこうし
44%
Harima 播磨町 はりまちょう
44%
Ichikawa 市川町 いちかわちょう
44%
Inagawa 猪名川町 いながわちょう
44%
Ono 小野市 おのし
44%
Sayo 佐用町 さようちょう
44%
Taishi 太子町 たいしちょう
44%
Takasago 高砂市 たかさごし
44%
Tanbasasayama 丹波篠山市 たんばささやまし
44%
Tatsuno たつの市 たつのし
44%
Fukusaki 福崎町 ふくさきちょう
33%
Kamigori 上郡町 かみごおりちょう
33%
Kamikawa 神河町 かみかわちょう
33%
Inami 稲美町 いなみちょう
22%
Kami 香美町 かみちょう
22%
Taka 多可町 たかちょう
22%
Nishiwaki 西脇市 にしわきし
11%
No matching quizzes found
Score Distribution
Percent of People with Each Score
Percentile by Number Answered
Your Score History
You have not taken this quiz